| 000 | 00778nam a22002537a 4500 | ||
|---|---|---|---|
| 999 |
_c14318 _d14318 |
||
| 003 | AR-CdUCM | ||
| 008 | 190422b ||||| |||| 00| 0 spa d | ||
| 040 |
_aMUNICIPALIDAD PROVINCIAL DEL CUSCO _cBIBLIOTECA MUNICIPAL DEL CUSCO |
||
| 041 | _heng | ||
| 082 |
_a818.5 / _bSL59 |
||
| 100 |
_aSlauchter, Frank G. _933052 |
||
| 245 | _aHospital general del este / | ||
| 260 |
_aBarcelona : _bPlaneta, _c1953. |
||
| 300 |
_a37 paginas : _c18 cm. |
||
| 500 | _aTitulo original : East side general | ||
| 505 | _aContenido : Tarde -- Mañana -- Noche. | ||
| 650 |
_aHospital _926581 |
||
| 650 |
_aGuardias _933053 |
||
| 650 |
_aInternado _933054 |
||
| 650 |
_aCerum _933055 |
||
| 700 |
_aRubio, Mercedes (Traducción) _933056 |
||
| 942 |
_2ddc _cLIBROS |
||
| 945 |
_awnts _d2019-04-22 |
||